Modern experimental stress analysis completing the solution of partially specified problems

সংরক্ষণ করুন:
গ্রন্থ-পঞ্জীর বিবরন
প্রধান লেখক: Doyle, James F.
বিন্যাস: গ্রন্থ
ভাষা:Undetermined
প্রকাশিত: England John Wiley & Sons 2004
বিষয়গুলি:
ট্যাগগুলো: ট্যাগ যুক্ত করুন
কোনো ট্যাগ নেই, প্রথমজন হিসাবে ট্যাগ করুন!
Thư viện lưu trữ: Trung tâm Học liệu Trường Đại học Cần Thơ
LEADER 00596nam a2200193Ia 4500
001 CTU_92697
008 210402s9999 xx 000 0 und d
020 |c 116.40 
082 |a 624.176 
082 |b D754 
100 |a Doyle, James F. 
245 0 |a Modern experimental stress analysis completing the solution of partially specified problems 
245 0 |c James F. Doyle 
260 |a England 
260 |b John Wiley & Sons 
260 |c 2004 
650 |a Structural analysis (engineering),Strains and stresses 
904 |i Trúc 
980 |a Trung tâm Học liệu Trường Đại học Cần Thơ